Adaptivnoje upravlenije

Guardado en:
Detalles Bibliográficos
Autor principal: Sragovič, Vladimir Grigorievič (Autor)
Formato: Libro
Lenguaje:ruso
Publicado: Moskva : Nauka, 1981
Etiquetas: Agregar Etiqueta
Sin Etiquetas, Sea el primero en etiquetar este registro!

MARC

LEADER 00000nam a22000003a 4500
001 stu89160
005 20150617225628.3
008 040722s1981------------------------rus-d
040 |a STU  |b slo 
041 0 |a rus 
080 |a 519.6 
100 1 |a Sragovič, Vladimir Grigorievič  |4 aut 
245 1 |a Adaptivnoje upravlenije 
260 |a Moskva :  |b Nauka,  |c 1981 
300 |a 380 s 
996 |b E49579  |c E*49579  |l EE03  |s P  |a 0  |w stu89160_0001 
996 |b E49580  |c E*49580  |l EE03  |s P  |a 0  |w stu89160_0002